[Event "Kasseler Schachtage Gruppe A"]
[Site "Vellmar"]
[Date "2009.08.02"]
[Round "6.13"]
[White "Röhle, Timo"]
[Black "Schröder, Klaus"]
[Result "1-0"]
[WhiteElo "1983"]
[BlackElo "1966"]
[PlyCount "91"]
[EventDate "2009.??.??"]
[EventCountry "GER"]
[WhiteTeam "Schachclub Schalksmühle-Hülschei"]
[BlackTeam "Karlsruher SF 1853"]

1. e4 c6 2. Nc3 d5 3. Nf3 dxe4 4. Nxe4 Bg4 5. h3 Bh5 6. d4 e6 7. Be2 Nf6 8. Ng3
Bg6 9. Ne5 Bd6 10. Nxg6 hxg6 11. O-O Qc7 12. Qd3 Nbd7 13. c4 O-O-O 14. c5 Bxg3
15. fxg3 Nxc5 16. Qa3 Nce4 17. Bd3 Nd6 18. Qxa7 Kd7 19. Bf4 Ra8 20. Qc5 Rhf8
21. Be5 b6 22. Qc1 Qd8 23. b4 Ke7 24. g4 Qd7 25. Qg5 Nde8 26. Rfc1 Qd5 27. Bc4
Qe4 28. a4 Nd6 29. Re1 Qc2 30. Bxd6+ Kxd6 31. Qe5+ Kd7 32. Bxe6+ fxe6 33. Qxe6+
Kc7 34. Rac1 Qxa4 35. d5 Nxd5 36. Qxd5 Rae8 37. Rxe8 Rxe8 38. Qf7+ Kd8 39. Qxg7
Qb3 40. Ra1 Qe3+ 41. Kh1 Re7 42. Ra8+ Kd7 43. Ra7+ Kd8 44. Qf8+ Re8 45. Qd6+
Kc8 46. Qc7# 1-0

[Event "Kasseler Schachtage Gruppe A"]
[Site "Vellmar"]
[Date "2009.08.02"]
[Round "6.14"]
[White "Powalla, Klaus"]
[Black "Sivaji, Siva"]
[Result "0-1"]
[WhiteElo "1885"]
[BlackElo "1812"]
[PlyCount "54"]
[EventDate "2009.??.??"]
[EventCountry "GER"]
[WhiteTeam "SV CAISSA e. V. Kassel"]
[BlackTeam "SK Luzern"]

1. e4 c5 2. b3 d6 3. Bb5+ Bd7 4. Bc4 Nf6 5. Nc3 g6 6. Bb2 Bg7 7. d4 cxd4 8.
Qxd4 Nc6 9. Qe3 Ng4 10. Qe2 O-O 11. f3 Nge5 12. Bd3 Nd4 13. Qd2 Rc8 14. f4
Nxd3+ 15. cxd3 Qa5 16. Rc1 Nb5 17. Na4 Rxc1+ 18. Bxc1 Nc3 19. Ne2 Bxa4 20. bxa4
Rc8 21. Bb2 Qb4 22. a3 Qc5 23. e5 Nxe2 24. Qxe2 dxe5 25. fxe5 Qc2 26. Qg4 e6
27. Qd4 Qb1+ 0-1

[Event "Kasseler Schachtage Gruppe A"]
[Site "Vellmar"]
[Date "2009.08.02"]
[Round "6.15"]
[White "Stährfeldt, Philipp"]
[Black "Adomeit, Dmitri"]
[Result "1/2-1/2"]
[WhiteElo "1932"]
[BlackElo "1706"]
[PlyCount "120"]
[EventDate "2009.??.??"]
[EventCountry "GER"]
[WhiteTeam "Kasseler SK 1876"]
[BlackTeam "Schachclub Schalksmühle-Hülschei"]

1. f4 d5 2. Nf3 c5 3. e3 Nf6 4. b3 e6 5. Bb2 Nc6 6. Bb5 Bd7 7. O-O Qc7 8. Ne5
Nxe5 9. Bxe5 Bd6 10. Bxd7+ Qxd7 11. Bxd6 Qxd6 12. d3 O-O 13. Nd2 e5 14. Qf3
Rfe8 15. fxe5 Qxe5 16. e4 Qc3 17. Qf4 Rf8 18. Rad1 Rae8 19. exd5 Nxd5 20. Qf2
Ne3 21. Ne4 Rxe4 22. dxe4 Nxf1 23. Rxf1 b6 24. a4 f6 25. Qf3 Qxc2 26. e5 Qb2
27. Qd5+ Kh8 28. e6 Qd4+ 29. Qxd4 cxd4 30. Rd1 Re8 31. Rxd4 Kg8 32. Rd7 Rxe6
33. Rxa7 Re1+ 34. Kf2 Rb1 35. a5 bxa5 36. Rxa5 Rxb3 37. Ra7 h5 38. Rc7 Kh7 39.
Ra7 Kh6 40. Ra5 h4 41. Ra4 g5 42. h3 Rb5 43. Rc4 Rf5+ 44. Kg1 Kg6 45. Ra4 Rf4
46. Ra6 g4 47. hxg4 Rxg4 48. Kh2 Rg3 49. Ra8 Kg5 50. Rg8+ Kf4 51. Ra8 f5 52.
Ra4+ Kg5 53. Ra8 f4 54. Rg8+ Kf5 55. Rf8+ Ke4 56. Re8+ Kd3 57. Rh8 Rg4 58. Kh3
Rg3+ 59. Kh2 Ke2 60. Rxh4 Ke3 1/2-1/2

[Event "Kasseler Schachtage Gruppe A"]
[Site "Vellmar"]
[Date "2009.08.02"]
[Round "6.16"]
[White "Shkolnyk, Boris"]
[Black "Hagedorn, Florian"]
[Result "0-1"]
[WhiteElo "1886"]
[BlackElo "1703"]
[PlyCount "112"]
[EventDate "2009.??.??"]
[EventCountry "GER"]
[WhiteTeam "Sfr. Korbach"]
[BlackTeam "LSV Turm Lippstadt"]

1. d4 e6 2. Nf3 d5 3. g3 Nf6 4. Bg2 Be7 5. c4 Nc6 6. c5 O-O 7. Nc3 a6 8. h4 Ne4
9. Bf4 Bf6 10. e3 Nxc3 11. bxc3 Re8 12. O-O Ne7 13. Rb1 Ng6 14. Bg5 c6 15. Rb6
h6 16. Bxf6 Qxf6 17. h5 Nf8 18. Ne5 Qe7 19. Rb2 Nd7 20. f4 f6 21. Ng6 Qf7 22.
Qf3 Nf8 23. Nxf8 Qxf8 24. Rfb1 Qe7 25. Bf1 e5 26. Re1 Qc7 27. Rb6 Rb8 28. Kf2
Bf5 29. g4 Be4 30. Qg3 exf4 31. Qxf4 Qc8 32. Bh3 Qd7 33. Kg3 Qc8 34. Rb2 Qd8
35. Rb6 Qc8 36. Qd6 Rd8 37. g5 Bf5 38. Bxf5 Qxf5 39. Qf4 Qxg5+ 40. Qxg5 hxg5
41. Reb1 Re8 42. Kf2 Re7 43. Rxc6 Rbe8 44. Rcb6 Rxe3 45. Rxb7 Re2+ 46. Kg1 Kh7
47. R1b2 Re1+ 48. Kg2 f5 49. Rd7 f4 50. h6 Kxh6 51. Rd6+ Kh5 52. Rxd5 Kh4 53.
Rf2 R8e3 54. Re5 Rg3+ 55. Kh2 Rc1 56. Re4 Rcxc3 0-1

[Event "Kasseler Schachtage Gruppe A"]
[Site "Vellmar"]
[Date "2009.08.02"]
[Round "6.17"]
[White "Braun, Ingram"]
[Black "Süß, Stefan"]
[Result "1-0"]
[WhiteElo "1972"]
[BlackElo "1674"]
[PlyCount "83"]
[EventDate "2009.??.??"]
[EventCountry "GER"]
[WhiteTeam "ESV Rot-Weiß Göttingen"]
[BlackTeam "Mosbacher SC von 1931"]

1. e4 c6 2. d4 d5 3. exd5 cxd5 4. c4 Nf6 5. Nc3 e6 6. c5 Be7 7. Nf3 O-O 8. Bf4
Nc6 9. Bb5 Bd7 10. Bxc6 Bxc6 11. O-O a5 12. Ne5 Qc8 13. a3 a4 14. b4 axb3 15.
Qxb3 Nd7 16. a4 f6 17. Nxd7 Qxd7 18. a5 e5 19. Be3 Kh8 20. Na4 Ra6 21. Nb6 Qe8
22. f4 e4 23. f5 Qf7 24. Bd2 Bd8 25. Rae1 Bxb6 26. cxb6 Qd7 27. Re3 Ba4 28. Qb1
Rc8 29. Rh3 Bb5 30. Rf4 Bd3 31. Qe1 Rc2 32. Qh4 h6 33. Qf2 Qc8 34. Qe1 Qc4 35.
Rg4 Qxd4+ 36. Be3 Qb2 37. Bxh6 Kg8 38. Rxg7+ Kf8 39. Rxb7+ Ke8 40. Bc1 Rxg2+
41. Kh1 Rg8 42. Bxb2 1-0

[Event "Kasseler Schachtage Gruppe A"]
[Site "Vellmar"]
[Date "2009.08.02"]
[Round "7.1"]
[White "Markgraf, Alexander"]
[Black "Lüchtemeier, Peter"]
[Result "1/2-1/2"]
[WhiteElo "2463"]
[BlackElo "2279"]
[PlyCount "25"]
[EventDate "2009.??.??"]
[EventCountry "GER"]
[WhiteTeam "SC Tempo Göttingen"]
[BlackTeam "Kasseler SK 1876"]

1. e4 c6 2. d4 d5 3. e5 c5 4. Nf3 Nc6 5. c4 e6 6. Nc3 cxd4 7. Nxd4 Bc5 8. Nxc6
bxc6 9. Qg4 Kf8 10. Bd3 Ne7 11. cxd5 Nxd5 12. Qc4 Qa5 13. O-O 1/2-1/2

[Event "Kasseler Schachtage Gruppe A"]
[Site "Vellmar"]
[Date "2009.08.02"]
[Round "7.2"]
[White "Jaeschke, Benno"]
[Black "Kartsev, Soel"]
[Result "1-0"]
[WhiteElo "2202"]
[BlackElo "2243"]
[PlyCount "95"]
[EventDate "2009.??.??"]
[EventCountry "GER"]
[WhiteTeam "SK 1947 Sandhausen e.V."]
[BlackTeam "Schachfreunde Brackel 1930 e.V."]

1. d4 c5 2. d5 Nf6 3. c4 b5 4. cxb5 a6 5. bxa6 g6 6. Nc3 Bxa6 7. e4 Bxf1 8.
Kxf1 d6 9. Nge2 Bg7 10. Rb1 O-O 11. b4 cxb4 12. Rxb4 Na6 13. Rb5 Nc5 14. f3
Nfd7 15. g3 f5 16. exf5 Rxf5 17. Kg2 Qf8 18. Rf1 Ne5 19. f4 Ned3 20. Rf3 Nxc1
21. Qxc1 Qc8 22. Qb1 Rf8 23. Re3 Ra3 24. Qb4 Ra7 25. h4 Qa8 26. Kh2 h6 27. Qb1
Qe8 28. Ne4 Nxe4 29. Rxe4 g5 30. Rb7 Rxb7 31. Qxb7 Bf6 32. hxg5 hxg5 33. Kg2
Qg6 34. Qb4 Qf5 35. Qc4 g4 36. Re6 Ra8 37. a4 Ra5 38. Qc8+ Kf7 39. Rxe7+ Kg6
40. Qg8+ Kh6 41. Qf8+ Kg6 42. Qg8+ Kh6 43. Re6 Qxd5+ 44. Kg1 Qd1+ 45. Kf2 Rf5
46. Rxf6+ Rxf6 47. Qg5+ Kh7 48. Qxf6 1-0

[Event "Kasseler Schachtage Gruppe A"]
[Site "Vellmar"]
[Date "2009.08.02"]
[Round "7.4"]
[White "Müller, Joachim"]
[Black "Cherny, Andrey"]
[Result "1-0"]
[WhiteElo "2058"]
[BlackElo "2204"]
[PlyCount "69"]
[EventDate "2009.??.??"]
[EventCountry "GER"]
[WhiteTeam "Mündener SC von 1925"]
[BlackTeam "SK Baunatal 1963"]

1. d4 d5 2. c4 c6 3. e3 Nf6 4. Nc3 e6 5. Nf3 dxc4 6. Bxc4 b5 7. Bd3 a6 8. O-O
Nbd7 9. b3 Bb7 10. Bb2 Be7 11. Rc1 c5 12. dxc5 Nxc5 13. Bb1 Qb6 14. Qe2 b4 15.
Nd1 a5 16. Nd2 Qc6 17. f3 Ba6 18. Nc4 Bb5 19. Nf2 Qa6 20. Bd4 Nb7 21. Bd3 Rb8
22. Ne5 Nd8 23. Bxb5+ Qxb5 24. Qxb5+ Rxb5 25. Rc8 Nd7 26. Nxd7 Kxd7 27. Rfc1 e5
28. Ba1 f6 29. R8c7+ Ke6 30. Ne4 Nb7 31. R1c6+ Kf7 32. Bxe5 fxe5 33. Ng5+ Kf8
34. Rxb7 Rd5 35. Rc8+ 1-0

[Event "Kasseler Schachtage Gruppe A"]
[Site "Vellmar"]
[Date "2009.08.02"]
[Round "7.5"]
[White "Schnegelsberg, Karl-Heinz"]
[Black "Werner, Alexander"]
[Result "1-0"]
[WhiteElo "2011"]
[BlackElo "2080"]
[PlyCount "39"]
[EventDate "2009.??.??"]
[EventCountry "GER"]
[WhiteTeam "SV CAISSA e. V. Kassel"]
[BlackTeam "SC 1947 Immenhausen"]

1. Nf3 Nf6 2. g3 g6 3. Bg2 Bg7 4. O-O O-O 5. d3 c5 6. e4 d6 7. Nbd2 Nc6 8. Nc4
b5 9. Ne3 Bb7 10. a4 a6 11. Nd2 Nd7 12. f4 e6 13. Nf3 Ne7 14. f5 exf5 15. exf5
f6 16. Bd2 d5 17. d4 g5 18. dxc5 Nxc5 19. axb5 d4 20. Ba5 1-0

[Event "Kasseler Schachtage Gruppe A"]
[Site "Vellmar"]
[Date "2009.08.02"]
[Round "7.6"]
[White "Löwe, Lennard"]
[Black "Ruff, Maximilian"]
[Result "*"]
[WhiteElo "2018"]
[BlackElo "1986"]
[PlyCount "47"]
[EventDate "2009.??.??"]
[EventCountry "GER"]
[WhiteTeam "HSK-Post Hannover"]
[BlackTeam "SC Brandeck-Turm Ohlsbach e.V."]

1. e4 e5 2. Nf3 Nc6 3. Bc4 Bc5 4. c3 Nf6 5. d3 O-O 6. Bb3 d5 7. Qe2 dxe4 8.
dxe4 Qe7 9. Nbd2 Be6 10. Bc2 Rad8 11. h3 h6 12. Nf1 Ne8 13. g4 Nd6 14. b3 f6
15. Ng3 a5 16. Nf5 Nxf5 17. gxf5 Bf7 18. Rg1 Kh7 19. Nh4 Qe8 20. Ng6 Rg8 21.
Qh5 Ne7 22. Qe2 Nxg6 23. fxg6+ Bxg6 24. Rg3 *

[Event "Kasseler Schachtage Gruppe A"]
[Site "Vellmar"]
[Date "2009.08.02"]
[Round "7.7"]
[White "Heinelt, Manfred"]
[Black "Austein, Hartmut"]
[Result "1/2-1/2"]
[WhiteElo "2233"]
[BlackElo "1895"]
[PlyCount "43"]
[EventDate "2009.??.??"]
[EventCountry "GER"]
[WhiteTeam "Ahnataler SC 1969 e.V. (ASC69)"]
[BlackTeam "Ahnataler SC 1969 e.V. (ASC69)"]

1. d4 Nf6 2. c4 e5 3. dxe5 Ne4 4. Qc2 Bb4+ 5. Nc3 Nxc3 6. bxc3 Be7 7. Nf3 Nc6
8. Bf4 O-O 9. e3 f6 10. exf6 Bxf6 11. Rb1 d6 12. Bd3 h6 13. O-O Rb8 14. c5 Ne5
15. cxd6 Qxd6 16. Nxe5 Bxe5 17. Rfd1 Qe7 18. Bxe5 Qxe5 19. Rb5 Qe7 20. Bc4+ Kh8
21. Qg6 Rf6 22. Re5 1/2-1/2

[Event "Kasseler Schachtage Gruppe A"]
[Site "Vellmar"]
[Date "2009.08.02"]
[Round "7.8"]
[White "Röhle, Timo"]
[Black "Kartsev, Alexandr"]
[Result "0-1"]
[WhiteElo "1983"]
[BlackElo "2067"]
[PlyCount "76"]
[EventDate "2009.??.??"]
[EventCountry "GER"]
[WhiteTeam "Schachclub Schalksmühle-Hülschei"]
[BlackTeam "Schachfreunde Brackel 1930 e.V."]

1. e4 d5 2. exd5 Nf6 3. d4 Nxd5 4. Nf3 Bg4 5. Be2 e6 6. O-O Be7 7. c4 Nb6 8. b3
O-O 9. Bb2 Nc6 10. Nbd2 Qd7 11. Ne4 Rad8 12. Nc5 Qc8 13. Qe1 Nd7 14. d5 Bxc5
15. dxc6 bxc6 16. h3 Bh5 17. Qa5 Qb7 18. Qc3 f6 19. Bd1 Rfe8 20. a3 Nf8 21. Bc2
e5 22. b4 Bd4 23. Nxd4 exd4 24. Qb3 c5 25. Bd3 Ne6 26. Bc1 cxb4 27. c5 Bf7 28.
Qxb4 Rb8 29. Rb1 Qa8 30. Qa5 Rxb1 31. Bxb1 Qc6 32. Bb2 Rc8 33. Qd2 Qxc5 34. Ba2
Re8 35. Rc1 Qb6 36. Rb1 c5 37. Bc4 Ng5 38. Qd3 Rb8 0-1

[Event "Kasseler Schachtage Gruppe A"]
[Site "Vellmar"]
[Date "2009.08.02"]
[Round "7.9"]
[White "Konczak, Carsten"]
[Black "Hagedorn, Alfons"]
[Result "1/2-1/2"]
[WhiteElo "2045"]
[BlackElo "1953"]
[PlyCount "108"]
[EventDate "2009.??.??"]
[EventCountry "GER"]
[WhiteTeam "SV Bückeburg"]
[BlackTeam "LSV Turm Lippstadt"]

1. f4 e5 2. fxe5 d6 3. exd6 Bxd6 4. Nf3 g5 5. g3 g4 6. Nh4 Ne7 7. d4 Ng6 8.
Nxg6 hxg6 9. Qd3 Nc6 10. c3 Bf5 11. e4 Qe7 12. Bg2 O-O-O 13. O-O Be6 14. Bf4 g5
15. Bxd6 Rxd6 16. Nd2 Bd7 17. Rf2 f5 18. exf5 Qh7 19. Nf1 Ne5 20. Qe2 Nf3+ 21.
Bxf3 gxf3 22. Qxf3 Bc6 23. Qg4 Qf7 24. f6+ Kb8 25. Qxg5 Rh5 26. Qxh5 Qxh5 27.
f7 Qd5 28. f8=Q+ Rd8 29. Qxd8+ Qxd8 30. c4 b6 31. d5 Bd7 32. Re1 Bh3 33. Ne3
Qg5 34. Ng2 a5 35. Nf4 Bg4 36. Ne6 Qh5 37. Rf8+ Kb7 38. Rf7 Be2 39. Rxc7+ Kb8
40. Rg7 Qf3 41. Nd4 Qe3+ 42. Kg2 Qe4+ 43. Kh3 Bg4+ 44. Rxg4 Qxe1 45. b3 Qf1+
46. Kh4 Qf6+ 47. Kh5 Qh8+ 48. Kg5 Qxh2 49. a4 Qh7 50. Rf4 Qg7+ 51. Kh4 Qh6+ 52.
Kg4 Qg6+ 53. Kf3 Qd3+ 54. Kg2 Kc8 1/2-1/2

[Event "Kasseler Schachtage Gruppe A"]
[Site "Vellmar"]
[Date "2009.08.02"]
[Round "7.10"]
[White "Calci, Fiorino"]
[Black "Fichte, Wolfgang"]
[Result "0-1"]
[WhiteElo "1884"]
[BlackElo "2035"]
[PlyCount "64"]
[EventDate "2009.??.??"]
[EventCountry "GER"]
[WhiteTeam "SK 1950 Vellmar"]
[BlackTeam "SK 1950 Vellmar"]

1. d4 d5 2. Nf3 c6 3. e3 Bg4 4. c4 e6 5. Bd3 Nd7 6. Nbd2 f5 7. b3 Ngf6 8. a4
Ne4 9. Qc2 Qf6 10. Bb2 Bd6 11. h3 Bh5 12. Nh2 Qh4 13. Ndf3 Bb4+ 14. Kf1 Qe7 15.
Ne5 Nxe5 16. dxe5 O-O 17. Kg1 Rad8 18. Nf1 g5 19. f4 gxf4 20. Bxe4 fxe4 21. Bd4
c5 22. Bc3 fxe3 23. Bxb4 cxb4 24. cxd5 exd5 25. Nxe3 Qxe5 26. Re1 Qg3 27. Qd2
d4 28. Nf1 Qf4 29. Qxb4 Qf2+ 30. Kh2 Qf4+ 31. Kg1 Qf2+ 32. Kh2 Rf4 0-1

[Event "Kasseler Schachtage Gruppe A"]
[Site "Vellmar"]
[Date "2009.08.02"]
[Round "7.11"]
[White "Schein, Henning"]
[Black "Faynberg, Roman"]
[Result "1/2-1/2"]
[WhiteElo "1787"]
[BlackElo "2026"]
[PlyCount "24"]
[EventDate "2009.??.??"]
[EventCountry "GER"]
[WhiteTeam "SC 1947 Immenhausen"]
[BlackTeam "SC Fuldatal"]

1. d4 Nf6 2. c4 e6 3. Nc3 Bb4 4. Qc2 d5 5. a3 Be7 6. cxd5 exd5 7. Bg5 O-O 8. e3
c6 9. Bd3 Nbd7 10. Nge2 Re8 11. O-O Nf8 12. b4 Be6 1/2-1/2

[Event "Kasseler Schachtage Gruppe A"]
[Site "Vellmar"]
[Date "2009.08.02"]
[Round "7.12"]
[White "Jäger, Frank"]
[Black "Hagedorn, Florian"]
[Result "1/2-1/2"]
[WhiteElo "1902"]
[BlackElo "1703"]
[PlyCount "26"]
[EventDate "2009.??.??"]
[EventCountry "GER"]
[WhiteTeam "SC Grauer Turm Fritzlar"]
[BlackTeam "LSV Turm Lippstadt"]

1. d4 e6 2. Nf3 Nf6 3. g3 d5 4. Bg2 Be7 5. O-O O-O 6. b3 Ne4 7. Bb2 c5 8. c3
Nc6 9. Nbd2 Nxd2 10. Qxd2 cxd4 11. cxd4 Bd7 12. Ne5 Nxe5 13. dxe5 Bc6 1/2-1/2

[Event "Kasseler Schachtage Gruppe A"]
[Site "Vellmar"]
[Date "2009.08.02"]
[Round "7.13"]
[White "Wiese, Uwe"]
[Black "Sivaji, Siva"]
[Result "1/2-1/2"]
[WhiteElo "1837"]
[BlackElo "1812"]
[PlyCount "81"]
[EventDate "2009.??.??"]
[EventCountry "GER"]
[WhiteTeam "SK Goslar"]
[BlackTeam "SK Luzern"]

1. Nf3 c5 2. e3 Nf6 3. d4 cxd4 4. exd4 d6 5. c4 g6 6. Nc3 Bg7 7. Be2 O-O 8. O-O
d5 9. c5 Nc6 10. Bf4 a6 11. h3 b5 12. a3 Ne4 13. Ne5 Nxc3 14. bxc3 Nxe5 15.
Bxe5 Bxe5 16. dxe5 Bb7 17. a4 Qc7 18. axb5 axb5 19. Qd4 Ra5 20. Rfb1 Bc6 21.
Rxa5 Qxa5 22. Qb4 Qc7 23. f4 Rc8 24. Kh2 Bd7 25. Rb3 Qxc5 26. Bxb5 Bxb5 27.
Qxb5 Qf2 28. Qxd5 Qxf4+ 29. Kh1 e6 30. Qd4 Qf1+ 31. Qg1 Qc4 32. Qb1 Qc7 33. Qe4
Rd8 34. c4 Qc5 35. Qf4 Rd1+ 36. Kh2 Qg1+ 37. Kg3 Qe1+ 38. Kh2 Qh1+ 39. Kg3 Qe1+
40. Kh2 Qh1+ 41. Kg3 1/2-1/2

[Event "Kasseler Schachtage Gruppe A"]
[Site "Vellmar"]
[Date "2009.08.02"]
[Round "7.14"]
[White "Adomeit, Dmitri"]
[Black "Braun, Ingram"]
[Result "0-1"]
[WhiteElo "1706"]
[BlackElo "1972"]
[PlyCount "78"]
[EventDate "2009.??.??"]
[EventCountry "GER"]
[WhiteTeam "Schachclub Schalksmühle-Hülschei"]
[BlackTeam "ESV Rot-Weiß Göttingen"]

1. e4 c5 2. d4 cxd4 3. c3 Nf6 4. e5 Nd5 5. cxd4 e6 6. Nc3 Nxc3 7. bxc3 d6 8.
exd6 Bxd6 9. Nf3 Qc7 10. Qc2 Bd7 11. Bd3 Bc6 12. h4 Bxf3 13. gxf3 Nc6 14. Rg1
Bf8 15. Rb1 O-O-O 16. Qb2 g6 17. Be4 f5 18. Bf4 Bd6 19. Bxd6 Rxd6 20. Bxc6 Rxc6
21. Ke2 Rd8 22. Rgd1 Kb8 23. Rd3 Rb6 24. Qc2 Rxb1 25. Qxb1 Rd6 26. f4 Rb6 27.
Qc1 Qe7 28. Qh1 Ra6 29. Rd2 Qc7 30. Qf3 Rxa2 31. Rxa2 Qc4+ 32. Kd1 Qxa2 33. Qe2
Qxe2+ 34. Kxe2 b5 35. Kd3 Kc7 36. Kc2 Kd6 37. Kb3 a5 38. Ka3 Kd5 39. f3 Kc4 0-1

[Event "Kasseler Schachtage Gruppe A"]
[Site "Vellmar"]
[Date "2009.08.02"]
[Round "7.15"]
[White "Jaeschke, Felix"]
[Black "Powalla, Klaus"]
[Result "0-1"]
[WhiteElo "1809"]
[BlackElo "1885"]
[PlyCount "87"]
[EventDate "2009.??.??"]
[EventCountry "GER"]
[WhiteTeam "SK 1947 Sandhausen e.V."]
[BlackTeam "SV CAISSA e. V. Kassel"]

1. e4 g6 2. d4 Bg7 3. f4 d6 4. Nf3 e6 5. Be2 Nd7 6. O-O Ne7 7. Nbd2 O-O 8. c3
b6 9. Bd3 Nf6 10. Qe2 Bb7 11. e5 Nfd5 12. Ne4 f5 13. Neg5 Qd7 14. exd6 Qxd6 15.
Nxe6 Rf6 16. Nxg7 Kxg7 17. Bd2 Nc6 18. Ne5 Re8 19. Rf3 Rfe6 20. Rh3 Nf6 21. Be1
Ne7 22. Bh4 Neg8 23. Bxf6+ Nxf6 24. Bc2 Nh5 25. Rf1 Nf6 26. Bb3 R6e7 27. Rd3 c5
28. Kh1 Ne4 29. d5 Ba6 30. Ba4 b5 31. Bb3 c4 32. Rd4 cxb3 33. axb3 Qf6 34. c4
Qb6 35. Rfd1 bxc4 36. bxc4 Nd6 37. h3 Rc7 38. Qf3 Qxb2 39. Nc6 Bxc4 40. R4d2
Qb5 41. Qf2 Ne4 42. Qd4+ Nf6 43. Ra1 Qxd5 44. Rxa7 0-1

[Event "Kasseler Schachtage Gruppe A"]
[Site "Vellmar"]
[Date "2009.08.02"]
[Round "7.16"]
[White "Schröder, Klaus"]
[Black "Stährfeldt, Philipp"]
[Result "*"]
[WhiteElo "1966"]
[BlackElo "1932"]
[PlyCount "48"]
[EventDate "2009.??.??"]
[EventCountry "GER"]
[WhiteTeam "Karlsruher SF 1853"]
[BlackTeam "Kasseler SK 1876"]

1. d4 f5 2. c4 Nf6 3. Nc3 d6 4. Nf3 g6 5. g3 Bg7 6. Bg2 O-O 7. O-O Qe8 8. Re1
Qf7 9. d5 Ne4 10. Qc2 Nxc3 11. bxc3 h6 12. Nd4 Na6 13. Ne6 Re8 14. Nxg7 Qxg7
15. Be3 Bd7 16. Bd4 Qf7 17. e4 e5 18. dxe6 Bxe6 19. exf5 Bxf5 20. Qd2 c6 21.
Qxh6 Qh7 22. Qg5 Nc5 23. Bxc5 dxc5 24. Bf3 Qf7 *

[Event "Kasseler Schachtage Gruppe A"]
[Site "Vellmar"]
[Date "2009.08.02"]
[Round "7.17"]
[White "Süß, Stefan"]
[Black "Shkolnyk, Boris"]
[Result "0-1"]
[WhiteElo "1674"]
[BlackElo "1886"]
[PlyCount "86"]
[EventDate "2009.??.??"]
[EventCountry "GER"]
[WhiteTeam "Mosbacher SC von 1931"]
[BlackTeam "Sfr. Korbach"]

1. d4 Nf6 2. Bf4 e6 3. e3 d5 4. Nd2 Nbd7 5. Bd3 c5 6. c3 Be7 7. Ngf3 O-O 8. O-O
Ne8 9. Ne5 g6 10. Ng4 Ng7 11. Nh6+ Kh8 12. g4 Bg5 13. Qf3 f5 14. gxf5 gxf5 15.
Qh3 Bxf4 16. exf4 c4 17. Bc2 Nf6 18. Nf3 Bd7 19. Ne5 Be8 20. f3 Nfh5 21. Kf2
Qf6 22. Rg1 Qxh6 23. Rg5 Qf6 24. Rag1 Rc8 25. Qh4 Rc7 26. Ke3 h6 27. Rxh5 Nxh5
28. Qxf6+ Rxf6 29. a3 Rg7 30. Rxg7 Kxg7 31. Bd1 Kf8 32. Bc2 Ke7 33. Bd1 Rf8 34.
b3 cxb3 35. Bxb3 b5 36. Nd3 Rg8 37. Nf2 Rg2 38. h3 Nf6 39. Bd1 Nd7 40. Be2 Nb6
41. Bf1 Rh2 42. Bd3 Nc4+ 43. Bxc4 dxc4 0-1